Zaman : (Record no. 21935)

MARC details
000 -BAŞLIK
Sabit Uzunluktaki Kontrol Alanı 00621nam a22001937a 4500
003 - KONTROL NUMARASI KİMLİĞİ
Kontrol Alanı koha_MIRAKIL
005 - EN SON İŞLEM TARİHİ ve ZAMANI
Kontrol Alanı 20250422103217.0
008 - SABİT UZUNLUKTAKİ VERİ ÖGELERİ - GENEL BİLGİ
Sabit Alan 250422b tur||||| |||| 00| 0 tur d
020 ## - ISBN - ULUSLARARASI STANDART KİTAP NUMARASI
Isbn 9786052275757
040 ## - KATALOGLAMA KAYNAĞI
Özgün Kataloglama Kurumu TR-IsEVY
Kataloglama Dili tur
Çeviri Kurumu TR-IsEVY
082 ## - DEWEY ONU SINIFLAMA SİSTEMİ
Sınıflama Numarası 529.7 DUF/Z
100 ## - KİŞİ ADI
Yazar Adı (Kişi adı) Dufresne, Rhea
245 #0 - ESER ADI BİLDİRİMİ
Başlık Zaman :
Alt Eseradı vb. kısa, uzun, çok uzun ... /
Sorumluluk Bildirimi Rhea Dufresne ; resimleyen Arianna Tamburini.
260 ## - YAYIN, DAĞITIM, VB.
Yayın Yeri İstanbul :
Yayınevi Nobel Çocuk,
Yayın Tarihi 2022.
300 ## - FİZİKSEL TANIMLAMA
Sayfa, Cilt vb. 32 s. :
Diğer fiziki detaylar renkli resimli ;
Boyutları 22 cm.
650 ## - KONU BAŞLIĞI EK GİRİŞ - KONU TERİMİ
Konusal terim veya coğrafi ad Doğa Bilimleri.
Alt başlık biçimi Zaman.
-- Kısa- Uzun.
700 1# - EK GİRİŞ - KİŞİ ADI
Yazar Adı (Kişi adı) Tamburini, Arianna.
Ünvan resimleyen.
942 ## - EK GİRİŞ ÖGELERİ (KOHA)
Source of classification or shelving scheme Dewey Decimal Classification
Koha item type Kitap
Holdings
Kayıp Durumu Sınıflandırma Kaynağı Hasarlı Durumu Koleksiyon Kodu Kalıcı Konum Mevcut Konum Kayıt Tarih Edinim Kaynağı Toplam Ödünçverme Yer Numarası Demirbaş Numarası Son Görülme Tarihi Fatura Tarihi Materyal Türü
  Dewey Decimal Classification   İlkokul İLKOKUL KÜTÜPHANESİ İLKOKUL KÜTÜPHANESİ 22/04/2025 Satınalma   529.7 DUF/Z 23216 22/04/2025 22/04/2025 Kitap